Statistics for Every People who have been in a GSS Leaderboard

Click here to take the quiz!

General Stats

  • This quiz has been taken 35 times
  • The average score is 9 of 57

Answer Stats

Month(s)Rank(s)Player% Correct
June/July/August/September/October/November/December/January/February/March1st/2ndSilverDog
87%
June/July/August/September/October/November/December/January/February/March1st/2ndChangedaworld
60%
June/July18th/19thchangetheworld
60%
June/July/August/September/October/November/December/January/February/March13th/14th/15th/16th/18th/19thStewart
40%
June/July/August/September/October/November/December/January/February/March3rd/4th/5th/6thtamara
40%
October/November/December/January/February/March3rdDagod
27%
June/July/August/September/October/November/December/January/February/March
4th/5th/6th/7th/8th
MarcelVos
27%
August/November/December/January/February/March5th/10th/16thSammyboi
27%
June/July/August/September/October/November10th/11th/13th/14th123pasteque
20%
September/October/November/December/January/February/March
3rd/4th
Batman23
20%
June/July/August/September/October/November14th/15th/16th/18th/20thDrenalasso
20%
June/July/August/September/October/November3rd/4th/5th/6th/8thGumbledalf
20%
June/July/August16th/18th/19thLamarck
20%
June/July/August/September/October/November/December/January/February/March6th/7th/8th/10th/11th/12th/15thpappus1232
20%
June/July/August/September/October/November/December/January/February/March7th/8th/9thsmirkymyjens
20%
June/July/August/September/October/November/December/January/February/March
7th/8th/9th/10th
anahita
13%
June/July/August/September/October/November/December/January/February/March6th/7th/8th/11th/12th/13th/14thbackstreetben
13%
June/July/August/February/March7th/11th/16th/17th/20thBI
13%
June/July/August/September/October/November/December/January/February/March9th/10th/11th/12th/13th/14thChaddius
13%
June/July/August/September/October/November12th/13th/14th/15th/16thDankxiety
13%
November/December13th/16thDaxzz
13%
June/July/August/September/October/November/December/January/February/March11th/12th/13th/14th/18th/19thDontforget
13%
June/July/August/September/October/November/December/January/February/March13th/14th/16th/17th/19th/20thGameyTV
13%
June/July/August/September/October/November15th/16th/17th/18thGMG11
13%
June/July/August/September/October/November/December/January/February/March6th/7th/10th/11th/12th/14thhfgsy
13%
June/July/August/September/October/November/December/January/February/March13th/14th/15th/16th/18th/20thJato
13%
June/July/August/September/October/November/December13th/14th/15thJikinena
13%
July/August/November16th/19thJilb
13%
December/January/February/March8th/9thKonevRokossovsky
13%
June/July/August/September/October/November/December/January/February/March12th/13th/14th/15th/16th/17thMarkScholten
13%
June/July/August/September/October/November/December/January/February/March11th/12th/13th/14thnimbru
13%
June/July/August/September/October/November/December/January/February/March10th/11th/12th/13th/14thPowerGuiido
13%
June/July/August/September16th/18th/19thSagaris
13%
June20thscambigol
13%
June/July/August17th/18th/19thScaro88
13%
August/September/October/November/December13th/16th/17thTmnight
13%
June/July/August/September/October/November/December/January/February/March12th/13th/14th/15th/16th/17thWinterArcanine
13%
June/July18th/21stzakatan
13%
June20thactivateclosure
7%
November15thboepnx77
7%
June/July19th/20thCharisse
7%
June/July/August/September/October/November16th/17th/19thcmoneyplays
7%
June/July/August17th/19th/21stcooladri
7%
June/July/August17th/19thFuse
7%
December/January/February/March12th/13th/14thHageball
7%
June20thluigiz
7%
June/July/August/September/October/November14th/15th/16th/17th/19thMarinaMiller92
7%
June/July/August/September/October/November/December/January/February/March11th/12th/13th/14th/15th/16thmerpell
7%
June/July/August17th/19th/20thMsChanandlerBong
7%
June/July18th/21stPenguinish
7%
June/July/August/September/October/November/December/January/February/March11th/12th/13th/14th/15th/16thpseudocraul
7%
June/July/August/September16th/17th/19thrawe
7%
June/July20th/21stTomi27
7%
June/July/August/September/October/November/December/January/February/March12th/13th/14th/15th/16th/17thAlbmaralb
0%
June/July/August/September/October/November/December/January11th/13th/14th/15th/16thmanuelordonezf
0%
June/July19th/20thMikesM
0%
June/July/August/September/October/November/December/January/February/March13th/14th/15thTransvaal
0%

Score Distribution

Percentile by Number Answered

Percent of People with Each Score

Your Score History

You have not taken this quiz